Countries to win international soccer tournaments - Statistics

General Stats
  • This quiz has been taken 107 times
  • The average score is 40 of 59
Answer Stats
Confederation Answer % Correct
CONMEBOL Brazil
97%
UEFA Italy
94%
CONMEBOL Argentina
93%
AFC/OFC Australia
93%
UEFA England
93%
UEFA Portugal
93%
CONMEBOL Chile
92%
UEFA France
92%
CONCACAF Mexico
92%
UEFA Spain
91%
CAF Egypt
90%
AFC Japan
90%
CONCACAF USA
90%
UEFA Germany
88%
CONMEBOL Colombia
87%
CONMEBOL Uruguay
87%
CONCACAF Canada
84%
UEFA Netherlands
84%
AFC South Korea
83%
CONMEBOL Peru
79%
CAF South Africa
79%
UEFA Greece
78%
CAF Algeria
77%
AFC China
77%
AFC/OFC New Zealand
77%
CAF Nigeria
77%
UEFA Denmark
74%
AFC Iran
74%
CONMEBOL Paraguay
73%
CONMEBOL Bolivia
71%
CAF Cameroon
71%
CAF Ghana
71%
UEFA Sweden
71%
AFC Iraq
66%
AFC Saudi Arabia
66%
UEFA Soviet Union
66%
CONCACAF Honduras
64%
CAF Morocco
64%
CONCACAF Costa Rica
63%
CAF Ivory Coast
63%
CAF Tunisia
60%
AFC North Korea
57%
UEFA Norway
55%
UEFA Czech Republic
50%
CONCACAF Guatemala
50%
CAF Zambia
50%
CAF Congo
48%
CONCACAF Haiti
47%
AFC Israel
47%
CAF Ethiopia
40%
CAF Sudan
38%
CAF Libya
36%
AFC Thailand
36%
UEFA West Germany
36%
AFC Kuwait
30%
OFC Tahiti
29%
CAF DRC
24%
CAF Equatorial Guinea
14%
AFC/OFC Chinese Teipei
1%
No matching quizzes found
Score Distribution
Percent of People with Each Score
Percentile by Number Answered
Your Score History
You have not taken this quiz